The Living Environment and Sustainability Application Within China's Natural Resources
Podmienky životného prostredia v Číne. Rozvoj environmentálnych politík. Historické iniciatívy na obnovu lesa. Ekonomické nástroje na zlepšenie životného prostredia.
Salvato in:
| Autore principale: | |
|---|---|
| Natura: | Capitolo di libro |
| Lingua: | inglese |
| Soggetti: | |
| Tags: |
Nessun Tag, puoi essere il primo ad aggiungerne!!
|
MARC
| LEADER | 00000naa$a2200000$$$4500 | ||
|---|---|---|---|
| 001 | 0281060 | ||
| 005 | 20240502074351.9 | ||
| 041 | 0 | |a eng | |
| 044 | |a SK | ||
| 245 | 1 | 0 | |a The Living Environment and Sustainability Application Within China's Natural Resources |c Mikuláš Černota |
| 520 | |a Podmienky životného prostredia v Číne. Rozvoj environmentálnych politík. Historické iniciatívy na obnovu lesa. Ekonomické nástroje na zlepšenie životného prostredia. | ||
| 610 | 2 | 0 | |a zdroje prírodné |
| 610 | 2 | 0 | |a politika environmentálna |
| 610 | 2 | 0 | |a prostredie životné |
| 610 | 2 | 0 | |a Čína |
| 100 | 1 | |a Černota, Mikuláš, 1979- | |